| 000 | 01043cam a2200217 4500 | ||
|---|---|---|---|
| 001 | WB3833-16 | ||
| 008 | 020911n2002 000 0 eng u | ||
| 035 | _a(Sirsi) u119671 | ||
| 245 | _aConstruction industry insurance crisis | ||
| 260 | _c2002 | ||
| 490 |
_aConstruction Confederation News Release _v11 September 2002 (2) |
||
| 520 | _aThe Construction Confederation has suggested setting up a pooled or scheme arrangement for its members to access discounted employer's liability cover. An alliance with other construction trade bodies could give further discounts. Huge premium hikes and a reduction in the number of insurance companies dealing with construction has resulted in a near crisis. Press release at http://www.thecc.org.uk/main.asp?page=news_item&item=news&editpage=<6168024>& | ||
| 590 | _aWB | ||
| 650 | _aCONSTRUCTION INDUSTRY | ||
| 650 | _aEMPLOYERS LIABILITY | ||
| 650 |
_aInsurance _96249 |
||
| 650 | _aINSURANCE PREMIUMS | ||
| 650 | _aCONSTRUCTION CONFEDERATION | ||
| 690 |
_aInsurance _96249 |
||
| 942 | _n0 | ||
| 999 |
_c71141 _d71141 |
||